Introduction to investments /

Uloženo v:
Podrobná bibliografie
Hlavní autor: Levy, Haim.
Médium: Kniha
Jazyk:English
Vydáno: Cincinnati, OH : South-Western College, 15/02/1999.
Vydání:2nd ed.
Témata:
Tagy: Přidat tag
Žádné tagy, Buďte první, kdo otaguje tento záznam!
Thư viện lưu trữ: Mạng thư viện Đại học Đà Nẵng
LEADER 00927cam a2200361 i 4500
001 000049701
003 9712
005 20051111144323.0
008 010406b1502 vm 000 eng
020 |a 0538877375 
040 |a IRC  |c IRC  |d IRC 
041 0 |a eng 
082 1 4 |a 658.1554  |b LE-H 
100 1 |a Levy, Haim. 
245 0 0 |a Introduction to investments /  |c Haim Levy assisted by Deborah Gunthorpe. 
250 |a 2nd ed. 
260 |a Cincinnati, OH :  |b South-Western College,  |c 15/02/1999. 
300 |a xxxviii, 1001 p. :  |b ill. 
630 0 4 |a Finance. 
630 0 4 |a Corporations. 
630 0 4 |a Investments. 
650 0 4 |a Corporations  |x Finance. 
650 0 4 |a Investments. 
OWN |a DUT 
999 |a From the UDN01 
TYP |a Monograph 
TYP |a Printed language 
980 |a Mạng thư viện Đại học Đà Nẵng